[Event "45th Olympiad Budapest 2024"]
[Site "Budapest"]
[Date "2024.09.13"]
[Round "3"]
[Board "1"]
[White "Nihaya, Ahmed"]
[Black "Mongeli, Sasha"]
[Result "0-1"]
[WhiteElo "1589"]
[BlackElo "1819"]
[PlyCount "112"]
[EventDate "2024.09.11"]
[EventType "team-tourn"]
[EventRounds "11"]
[EventCountry "HUN"]
[WhiteTeam "Maldives"]
[BlackTeam "Kenya"]
[WhiteTeamCountry "MDV"]
[BlackTeamCountry "KEN"]

1. e4 {[%emt 0:00:02]} c6 {[%emt 0:00:20]} 2. d4 {[%emt 0:00:15]} d5 {[%emt 0:00:09]} 3. e5 {[%emt 0:00:06]} Bf5 {[%emt 0:00:10]} 4. Nf3 {[%emt 0:00:32]} e6 {[%emt 0:00:16]} 5. Be2 {[%emt 0:00:12]} Nd7 {[%emt 0:01:16]} 6. O-O {[%emt 0:02:33]} Bg6 {[%emt 0:01:26]} 7. c3 {[%emt 0:08:05]} Ne7 {[%emt 0:01:59]} ({RR} 7... Be7 8. Na3 Bxa3 9. bxa3 Ne7 10. a4 Qa5 11. Qb3 Nb6 12. Bd1 Bh5 13. Rb1 O-O 14. Qb4 Qxb4 15. Rxb4 Rfb8 16. Be2 Bxf3 17. Bxf3 Nc4 18. Bg5 Kf8 19. Rfb1 Na5 20. Be2 Ke8 21. g4 b6 22. h4 {½-½ Svidler,P (2728)-Ivanchuk,V (2750) Amber-rapid 16th 2007 (6)}) 8. Bg5 $146 {[%emt 0:05:11]} ({RR} 8. Na3 Nf5 9. Nc2 Be7 10. Nce1 c5 11. dxc5 Bxc5 12. Nd3 Bb6 13. Bg5 Qb8 14. Qa4 h6 15. Bf4 Ne7 {½-½ Atako,C (2037)-Marusenko,P (2264) Hastings Masters op 85th 2009 (4)}) ({RR} 8. Na3 Nf5 9. Nc2 Be7 10. Bd3 O-O 11. Ne3 Nxe3 12. Bxe3 c5 13. Bxg6 fxg6 14. h3 c4 15. Nd2 b5 16. a3 a5 17. Qg4 Rf5 18. Rfe1 a4 19. Nf1 Bh4 20. g3 Be7 21. f4 Nf8 22. Qe2 g5 {1-0 Pranav,V (2611)-Molina,R (2376) Titled Tue 27th Feb Early 2024 (4)}) ({RR} 8. Qb3 Qb6 9. Nh4 c5 10. Nxg6 hxg6 11. Qxb6 axb6 12. Na3 Nc6 13. Nb5 Ra5 14. Bd2 c4 15. a4 Be7 16. Nc7+ Kd8 17. Nb5 Na7 18. Nxa7 Rxa7 19. b3 cxb3 20. Rfb1 Kc7 21. c4 Rha8 22. cxd5 exd5 {½-½ Cladouras,P (2365)-Fritze,B (2235) Dortmund op-A 1992 (4)}) ({RR} 8. b4 a5 9. b5 Nc8 10. Nbd2 Be7 11. c4 dxc4 12. bxc6 bxc6 13. Nxc4 O-O 14. Ba3 Bxa3 15. Nxa3 Ncb6 16. Rc1 Qe7 17. Nc4 Nxc4 18. Rxc4 Be4 19. Rc3 Rfb8 20. Bd3 Bd5 21. Bc4 Nb6 22. Bxd5 cxd5 {½-½ Barlocco,C (2280)-Arlandi,E (2425) Reggio Emilia 9495 37th 1994 (5)}) 8... Qc7 {[%emt 0:05:53]} 9. b4 {[%emt 0:00:50]} a5 {[%emt 0:09:17]} 10. bxa5 {[%emt 0:16:10]} Rxa5 {[%emt 0:01:19]} 11. Nbd2 {[%emt 0:00:34]} h6 {[%emt 0:03:25]} 12. Bf4 {[%emt 0:03:51]} Nc8 {[%emt 0:03:38]} 13. Nb3 {[%emt 0:02:41]} Ra3 {[%emt 0:02:57]} 14. Bc1 {[%emt 0:02:06]} Ra7 {[%emt 0:00:27]} 15. Nh4 {[%emt 0:02:56]} Bh7 {[%emt 0:00:49]} 16. f4 {[%emt 0:00:22]} Be7 {[%emt 0:01:53]} 17. Nf3 {[%emt 0:00:12]} Bf5 {[%emt 0:03:41]} 18. Bd3 {[%emt 0:01:07]} g6 {[%emt 0:02:05]} 19. h3 {[%emt 0:01:44]} Ncb6 {[%emt 0:03:54]} 20. Be2 {[%emt 0:02:01]} h5 {[%emt 0:01:19]} 21. Nbd2 {[%emt 0:03:03]} Na4 {[%emt 0:08:20]} 22. Qb3 {[%emt 0:01:54]} Qa5 {[%emt 0:02:26]} 23. Bb2 {[%emt 0:02:07]} Qb6 {[%emt 0:00:47]} 24. Bc1 {[%emt 0:10:19]} Qa5 {[%emt 0:03:42]} 25. Bb2 {[%emt 0:01:53]} O-O {[%emt 0:10:39]} 26. Ng5 {[%emt 0:01:11]} Nxb2 {[%emt 0:01:47]} 27. Qxb2 {[%emt 0:00:08]} Qa3 {[%emt 0:00:39]} 28. Qb3 {[%emt 0:02:34]} Rfa8 {[%emt 0:04:20]} 29. g4 {[%emt 0:07:44]} hxg4 {[%emt 0:00:36]} 30. hxg4 {[%emt 0:00:10]} Qxb3 {[%emt 0:00:11]} 31. Nxb3 {[%emt 0:00:16]} Bc2 {[%emt 0:00:27]} 32. Nc1 {[%emt 0:01:42]} Ba3 {[%emt 0:00:41]} 33. Nd3 {[%emt 0:00:58]} Bxd3 {[%emt 0:01:10]} 34. Bxd3 {[%emt 0:00:28]} Bb2 {[%emt 0:00:07]} 35. Rab1 {[%emt 0:00:35]} Bxc3 {[%emt 0:00:07]} 36. Nf3 {[%emt 0:00:25]} b5 {[%emt 0:00:20]} 37. Rfc1 {[%emt 0:00:53]} b4 {[%emt 0:00:36]} 38. f5 {[%emt 0:00:27]} gxf5 {[%emt 0:05:11]} 39. gxf5 {[%emt 0:00:12]} Rxa2 {[%emt 0:00:05]} 40. fxe6 {[%emt 0:01:48]} fxe6 {[%emt 0:00:08]} 41. Rc2 {[%emt 0:04:46]} Rxc2 {[%emt 0:04:17]} 42. Bxc2 {[%emt 0:00:07]} Kf8 {[%emt 0:00:34]} 43. Bg6 {[%emt 0:01:38]} Ke7 {[%emt 0:00:13]} 44. Kf2 {[%emt 0:00:59]} Ra2+ {[%emt 0:01:10]} 45. Ke3 {[%emt 0:00:51]} Rg2 {[%emt 0:02:00]} 46. Bh5 {[%emt 0:00:59]} Nb6 {[%emt 0:00:14]} 47. Rg1 {[%emt 0:02:03]} Nc4+ {[%emt 0:03:22]} 48. Kd3 {[%emt 0:01:47]} Nb2+ {[%emt 0:00:42]} 49. Ke3 {[%emt 0:00:40]} Bd2+ {[%emt 0:01:01]} 50. Nxd2 {[%emt 0:00:53]} Rxg1 {[%emt 0:00:07]} 51. Be2 {[%emt 0:01:32]} Rc1 {[%emt 0:01:29]} 52. Kf4 {[%emt 0:01:12]} Rc2 {[%emt 0:01:51]} 53. Ke3 {[%emt 0:00:56]} Nc4+ {[%emt 0:00:09]} 54. Bxc4 {[%emt 0:01:48]} dxc4 {[%emt 0:00:08]} 55. Nb1 {[%emt 0:01:53]} Rc1 {[%emt 0:00:37]} 56. Nd2 {[%emt 0:00:30]} b3 {[%emt 0:00:08]} 0-1

[Event "45th Olympiad Budapest 2024"]
[Site "Budapest"]
[Date "2024.09.13"]
[Round "3"]
[Board "3"]
[White "Aini, Munthazim"]
[Black "Mutisya, Jully"]
[Result "0-1"]
[WhiteElo "1536"]
[BlackElo "1750"]
[PlyCount "44"]
[EventDate "2024.09.11"]
[EventType "team-tourn"]
[EventRounds "11"]
[EventCountry "HUN"]
[WhiteTeam "Maldives"]
[BlackTeam "Kenya"]
[WhiteTeamCountry "MDV"]
[BlackTeamCountry "KEN"]

1. e4 {[%emt 0:00:01]} d6 {[%emt 0:00:17]} 2. d4 {[%emt 0:00:07]} Nf6 {[%emt 0:00:17]} 3. Nc3 {[%emt 0:00:10]} g6 {[%emt 0:00:04]} 4. Be3 {[%emt 0:00:18]} c6 {[%emt 0:08:03]} 5. h3 {[%emt 0:00:52]} Nbd7 {[%emt 0:01:02]} 6. f4 {[%emt 0:01:06]} Qa5 {[%emt 0:06:42]} 7. Qd2 {[%emt 0:11:56]} ({RR} 7. Bd3 c5 8. Nge2 c4 9. Bxc4 Nxe4 10. O-O Ndf6 11. Bb5+ Bd7 12. Bxd7+ Kxd7 13. Nxe4 Nxe4 14. Qd3 f5 15. c4 Bg7 16. Rfc1 Rhc8 17. Nc3 Nxc3 18. Rxc3 d5 19. c5 Rc6 20. Ra3 Qc7 21. b4 Ke8 {½-½ Sveshnikov,E (2556)-Beliavsky,A (2668) SLO-chT 11th 2001 (6)}) 7... e5 $146 {[%emt 0:06:06]} ({RR} 7... b5 8. Bd3 Bb7 9. b4 Qxb4 10. e5 dxe5 11. fxe5 Nh5 12. Nge2 a6 13. O-O f6 14. Nxb5 Qxd2 15. Nc7+ Kd8 16. Ne6+ Kc8 17. Bxd2 fxe5 18. dxe5 c5 19. Bg5 Bd5 20. Nxf8 Rxf8 21. Rxf8+ Nxf8 22. Bxe7 {1-0 Yaran,S (2285)-Donmez,Y (1920) TUR-chT 2nd League 2022 (7.10)}) ({RR} 7... b5 8. Bd3 b4 9. Nce2 c5 10. c3 Bb7 11. d5 bxc3 12. Nxc3 Bg7 13. Nf3 O-O 14. O-O Kh8 15. Rae1 e6 16. dxe6 fxe6 17. Ng5 Rae8 18. Bb5 Qc7 19. e5 dxe5 20. fxe5 Nd5 21. Rxf8+ Bxf8 22. Nxe6 {1-0 Grigoriants,S (2443)-Panarin,M (2413) RUS-ch U20 Vladimir 2002 (9)}) ({RR} 7... b5 8. e5 b4 9. exf6 bxc3 10. Qxc3 Qxc3+ 11. bxc3 Nxf6 12. Bd3 Rb8 13. Nf3 Nd5 14. Bd2 Bh6 15. g3 O-O 16. Kf2 Bg7 17. g4 Bd7 18. Rab1 Nb6 19. Rhe1 e6 20. c4 c5 21. dxc5 dxc5 22. Ne5 {0-1 Arutiunov,V (2088)-Berezjuk,E Stepichev Memorial 10th 2002 (8)}) 8. O-O-O {[%emt 0:17:43]} Bg7 {[%emt 0:13:20]} 9. Nf3 {[%emt 0:04:17]} O-O {[%emt 0:04:44]} 10. g4 {[%emt 0:10:55]} exd4 {[%emt 0:06:03]} 11. Bxd4 {[%emt 0:02:24]} b5 {[%emt 0:03:21]} 12. Bxf6 {[%emt 0:01:40]} Nxf6 {[%emt 0:03:37]} 13. Qxd6 {[%emt 0:00:46]} b4 {[%emt 0:01:16]} 14. Ne2 {[%emt 0:06:50]} Nxe4 {[%emt 0:08:55]} 15. Qxc6 {[%emt 0:01:50]} Bxb2+ {[%emt 0:01:55]} 16. Kxb2 {[%emt 0:03:54]} Qa3+ {[%emt 0:00:09]} 17. Kb1 {[%emt 0:00:14]} Nc3+ {[%emt 0:01:51]} 18. Nxc3 {[%emt 0:07:56]} bxc3 {[%emt 0:00:12]} 19. Qb5 {[%emt 0:01:30]} Be6 {[%emt 0:00:50]} 20. Rd7 {[%emt 0:15:43]} Bxa2+ {[%emt 0:00:32]} 21. Ka1 {[%emt 0:00:12]} Bb3+ {[%emt 0:00:18]} 22. Kb1 {[%emt 0:00:25]} Qb2# {[%emt 0:00:10]} 0-1

[Event "45th Olympiad Budapest 2024"]
[Site "Budapest"]
[Date "2024.09.13"]
[Round "3"]
[Board "4"]
[White "Karanja, Ether"]
[Black "Fathmath, Zoya Hassan Saeed"]
[Result "1-0"]
[WhiteElo "1637"]
[BlackElo "1409"]
[PlyCount "71"]
[EventDate "2024.09.11"]
[EventType "team-tourn"]
[EventRounds "11"]
[EventCountry "HUN"]
[WhiteTeam "Kenya"]
[BlackTeam "Maldives"]
[WhiteTeamCountry "KEN"]
[BlackTeamCountry "MDV"]

1. d4 {[%emt 0:00:15]} d5 {[%emt 0:00:07]} 2. Bf4 {[%emt 0:00:09]} c5 {[%emt 0:00:38]} 3. e3 {[%emt 0:00:11]} Nc6 {[%emt 0:00:12]} 4. c3 {[%emt 0:01:00]} Bf5 {[%emt 0:00:21]} 5. Nd2 {[%emt 0:17:31]} e6 {[%emt 0:01:20]} 6. Ngf3 {[%emt 0:04:07]} Qb6 {[%emt 0:12:52]} ({RR} 6... Nf6 7. Nh4 Be4 8. Bb5 Qb6 9. a4 a6 10. Bxc6+ bxc6 11. O-O Bd3 12. Re1 cxd4 13. exd4 Be7 14. Nhf3 h6 15. b4 O-O 16. Ne5 Bh7 17. Nb3 Rfd8 18. f3 Ne8 19. Qe2 Nd6 20. Na5 Rac8 21. Kh1 {1-0 Sjugirov,S (2662)-Robson,R (2670) Chess24 Banter Blitz Cup 2019 (5.11)}) 7. b3 {[%emt 0:12:56]} h6 $146 {[%emt 0:01:51]} ({RR} 7... cxd4 8. exd4 Ba3 9. Ne5 Bb2 10. Rc1 Bxc1 11. Qxc1 Nf6 12. Qa3 Nh5 13. Be3 Nf6 14. Ndf3 Ne4 15. Qb2 f6 16. Nd3 O-O 17. Be2 Qa5 18. b4 Qc7 19. O-O Ne7 20. Rc1 Rfc8 21. Nc5 b6 22. Na6 {0-1 Peatman,C (2022)-Yurovskykh,O (2328) Titled Tue 23rd Jan Late 2024 (1)}) ({RR} 7... cxd4 8. exd4 Ba3 9. Nh4 Bb2 10. Nxf5 exf5 11. Bd3 Bxc3 12. Rc1 Bxd4 13. O-O Nge7 14. Nf3 Bf6 15. b4 Qxb4 16. Bd2 Qa3 17. Bc2 O-O 18. Re1 Qxa2 19. Bb1 Qa3 20. Ng5 h6 21. Nh3 Rfe8 22. Re3 {0-1 Dubov,D (2677)-Grachev,B (2645) RUS-chT blitz 2017 (10)}) ({RR} 7... cxd4 8. exd4 Ba3 9. Nh4 Bb2 10. Nxf5 exf5 11. Rb1 Bxc3 12. Bd3 Nge7 13. O-O Bxd4 14. Nf3 Bf6 15. b4 O-O 16. b5 Nd4 17. Re1 Nxf3+ 18. Qxf3 Rfe8 19. Rbd1 Rad8 20. g3 g6 21. h4 h5 22. a4 {0-1 Stefanova,A (2458)-Alinasab,M (2373) Speed Chess (Women) Q2 KO blitz 2022 (3.7)}) 8. Be2 {[%emt 0:03:29]} Nf6 {[%emt 0:01:27]} 9. Ne5 {[%emt 0:02:42]} Nxe5 {[%emt 0:05:44]} 10. dxe5 {[%emt 0:00:34]} Nd7 {[%emt 0:03:11]} 11. c4 {[%emt 0:06:14]} g5 {[%emt 0:04:52]} 12. Bg3 {[%emt 0:00:42]} Bg7 {[%emt 0:00:44]} 13. f4 {[%emt 0:19:32]} gxf4 {[%emt 0:00:59]} 14. exf4 {[%emt 0:00:16]} f6 {[%emt 0:07:08]} 15. Bh5+ {[%emt 0:07:00]} Kf8 {[%emt 0:05:09]} 16. cxd5 {[%emt 0:02:45]} exd5 {[%emt 0:03:02]} 17. Nf3 {[%emt 0:01:11]} Qb4+ {[%emt 0:03:09]} 18. Kf2 {[%emt 0:01:23]} fxe5 {[%emt 0:04:20]} 19. Qxd5 {[%emt 0:02:13]} Ke7 {[%emt 0:07:18]} 20. Qf7+ {[%emt 0:01:55]} Kd6 {[%emt 0:01:57]} 21. Rhd1+ {[%emt 0:01:52]} Kc6 {[%emt 0:02:11]} 22. Qxf5 {[%emt 0:02:08]} Nf6 {[%emt 0:02:07]} 23. Nxe5+ {[%emt 0:01:09]} Kb5 {[%emt 0:01:52]} 24. Be2+ {[%emt 0:00:48]} Kb6 {[%emt 0:00:46]} 25. Qe6+ {[%emt 0:00:43]} Ka5 {[%emt 0:01:22]} 26. Nc4+ {[%emt 0:01:51]} Kb5 {[%emt 0:00:57]} 27. Nb6+ {[%emt 0:01:54]} Ka5 {[%emt 0:01:36]} 28. Nxa8 {[%emt 0:02:17]} Ne4+ {[%emt 0:01:48]} 29. Kf1 {[%emt 0:02:14]} Bxa1 {[%emt 0:03:50]} 30. Rxa1 {[%emt 0:01:36]} Nd2+ {[%emt 0:01:38]} 31. Kf2 {[%emt 0:00:33]} Qd4+ {[%emt 0:01:06]} 32. Ke1 {[%emt 0:01:18]} Qxa1+ {[%emt 0:02:46]} 33. Kxd2 {[%emt 0:00:04]} Qxa2+ {[%emt 0:02:53]} 34. Ke3 {[%emt 0:00:14]} Qb2 {[%emt 0:03:16]} 35. Be1+ {[%emt 0:00:16]} Qc3+ {[%emt 0:00:49]} 36. Bxc3# {[%emt 0:00:09]} 1-0

[Event "45th Olympiad Budapest 2024"]
[Site "Budapest"]
[Date "2024.09.13"]
[Round "3"]
[Board "4"]
[White "Hoareau, Rachelle"]
[Black "Aayat, Asmi"]
[Result "0-1"]
[WhiteElo "1625"]
[BlackElo "1423"]
[PlyCount "112"]
[EventDate "2024.09.11"]
[EventType "team-tourn"]
[EventRounds "11"]
[EventCountry "HUN"]
[WhiteTeam "Seychelles"]
[BlackTeam "Pakistan"]
[WhiteTeamCountry "SEY"]
[BlackTeamCountry "PAK"]

1. d4 {[%emt 0:00:17]} Nf6 {[%emt 0:00:13]} 2. Nf3 {[%emt 0:00:20]} g6 {[%emt 0:00:13]} 3. Nc3 {[%emt 0:00:20]} Bg7 {[%emt 0:00:14]} 4. e4 {[%emt 0:00:21]} d6 {[%emt 0:00:15]} 5. Bg5 {[%emt 0:00:20]} h6 {[%emt 0:00:07]} 6. Bh4 {[%emt 0:00:25]} O-O {[%emt 0:00:41]} 7. Be2 {[%emt 0:00:16]} Nbd7 {[%emt 0:00:29]} ({RR} 7... Nc6 8. d5 Nb8 9. O-O g5 10. Bg3 Nh5 11. Nd4 Nxg3 12. hxg3 e6 13. dxe6 fxe6 14. Bc4 Qf6 15. Nf5 Bh8 16. Qh5 Kh7 17. Ne3 Qg6 18. Qxg6+ Kxg6 19. f4 Bd4 20. Rae1 Nc6 21. Bxe6 Bxe6 22. f5+ {0-1 Okhotnik,V (2450)-Petkevich,J (2460) Lyngby op 1990 (9)}) ({RR} 7... Bg4 8. h3 Bxf3 9. Bxf3 Nc6 10. Ne2 e5 11. O-O g5 12. Bg3 Re8 13. d5 Ne7 14. c4 Rf8 15. Nc3 Nd7 16. Bg4 f5 17. exf5 Nxf5 18. Bxf5 Rxf5 19. Qg4 Rf7 20. h4 Nf6 21. Qe2 g4 22. Ne4 {1-0 Sarkar,J (2272)-Sakun,V (2356) Titled Tue 16th Jan Early 2024 (11)}) 8. d5 $146 {[%emt 0:00:40]} ({RR} 8. O-O e5 9. dxe5 dxe5 10. a4 a6 11. a5 c6 12. Qd6 Re8 13. Rfd1 Qe7 14. Qc7 Nc5 15. Qxe7 Rxe7 16. b4 Ne6 17. Nd2 Nd4 18. Bd3 g5 19. Bg3 Nh5 20. Na4 Nxg3 21. hxg3 Be6 22. Nc5 Bg4 {1-0 Sammour Hasbun,J-Sogues Tena,P Seville op 1992 (1)}) ({RR} 8. O-O g5 9. Bg3 Nh5 10. Ne1 Nxg3 11. hxg3 e5 12. d5 a5 13. g4 Nc5 14. Nd3 Nxd3 15. cxd3 c6 16. Rc1 cxd5 17. Nxd5 Be6 18. Nc7 Rc8 19. Nxe6 fxe6 20. Qb3 Qe7 21. Qb6 a4 22. Rc4 Rxc4 {1-0 Fred,A-Buskenstrom,S Olympiad-14 Final B 1960 (3)}) ({RR} 8. Qd3 e5 9. Rd1 exd4 10. Qxd4 Qe8 11. Qc4 Nc5 12. e5 Be6 13. Qb4 a5 14. Qa3 Nfe4 15. Nb5 Qc6 16. Nfd4 Qb6 17. exd6 cxd6 18. O-O d5 19. f3 Nf6 20. Bf2 Rac8 21. c3 Bd7 22. b4 axb4 {1-0 Kofidis,A (2350)-Klokas,K Ano Liosia op 1992}) 8... Nc5 {[%emt 0:02:48]} 9. Bxf6 {[%emt 0:01:32]} Bxf6 {[%emt 0:00:09]} 10. O-O {[%emt 0:00:36]} Bxc3 {[%emt 0:01:00]} 11. bxc3 {[%emt 0:00:25]} Nxe4 {[%emt 0:01:04]} 12. Bd3 {[%emt 0:00:21]} Nf6 {[%emt 0:02:53]} 13. c4 {[%emt 0:00:20]} e5 {[%emt 0:03:14]} 14. Qd2 {[%emt 0:00:55]} e4 {[%emt 0:06:12]} 15. Qxh6 {[%emt 0:00:41]} Ng4 {[%emt 0:02:48]} 16. Qh3 {[%emt 0:01:23]} exd3 {[%emt 0:02:11]} 17. cxd3 {[%emt 0:00:52]} Kg7 {[%emt 0:03:58]} 18. Qg3 {[%emt 0:00:19]} Qf6 {[%emt 0:03:32]} 19. h3 {[%emt 0:00:37]} Ne5 {[%emt 0:00:08]} 20. Rad1 {[%emt 0:01:01]} Nxf3+ {[%emt 0:00:29]} 21. gxf3 {[%emt 0:00:25]} Bf5 {[%emt 0:01:35]} 22. Kg2 {[%emt 0:00:32]} Qc3 {[%emt 0:01:39]} 23. h4 {[%emt 0:01:22]} Bxd3 {[%emt 0:03:37]} 24. Rh1 Rh8 {[%emt 0:01:36]} 25. Qg5 {[%emt 0:01:06]} Be2 {[%emt 0:03:50]} 26. Rc1 {[%emt 0:01:02]} Qxf3+ {[%emt 0:00:52]} 27. Kg1 {[%emt 0:00:34]} Rh5 {[%emt 0:00:43]} 28. Qg3 {[%emt 0:01:53]} Qxg3+ {[%emt 0:02:10]} 29. fxg3 {[%emt 0:00:24]} Re8 {[%emt 0:00:35]} 30. Rb1 {[%emt 0:01:06]} b6 {[%emt 0:00:11]} 31. Rb2 {[%emt 0:00:20]} Bxc4 {[%emt 0:00:24]} 32. Rd2 {[%emt 0:00:23]} Re1+ {[%emt 0:01:26]} 33. Kg2 {[%emt 0:00:16]} Rxh1 {[%emt 0:02:56]} 34. Kxh1 {[%emt 0:00:19]} Rxd5 {[%emt 0:00:08]} 35. Rf2 {[%emt 0:00:34]} Re5 {[%emt 0:00:22]} 36. Rf4 {[%emt 0:00:31]} Bxa2 {[%emt 0:00:47]} 37. Kh2 {[%emt 0:00:37]} Re2+ {[%emt 0:00:17]} 38. Kg1 {[%emt 0:00:38]} b5 {[%emt 0:01:56]} 39. Kf1 {[%emt 0:00:22]} Bc4 {[%emt 0:00:19]} 40. Kg1 {[%emt 0:00:58]} Re1+ {[%emt 0:00:18]} 41. Kf2 {[%emt 0:00:19]} Rf1+ {[%emt 0:00:08]} 42. Kg2 {[%emt 0:00:08]} Rxf4 {[%emt 0:00:05]} 43. gxf4 {[%emt 0:00:21]} a5 44. Kg3 {[%emt 0:00:49]} a4 {[%emt 0:00:10]} 45. Kg4 {[%emt 0:00:12]} a3 {[%emt 0:00:09]} 46. h5 {[%emt 0:00:15]} a2 {[%emt 0:00:11]} 47. Kg5 {[%emt 0:00:34]} gxh5 {[%emt 0:00:34]} 48. f5 {[%emt 0:00:31]} a1=Q {[%emt 0:00:13]} 49. Kxh5 {[%emt 0:01:28]} Qh1+ {[%emt 0:00:11]} 50. Kg5 {[%emt 0:00:22]} Qh6+ {[%emt 0:00:08]} 51. Kg4 {[%emt 0:00:37]} b4 {[%emt 0:00:20]} 52. Kf3 {[%emt 0:00:16]} b3 {[%emt 0:00:10]} 53. Ke4 {[%emt 0:00:12]} b2 54. Kd4 {[%emt 0:01:15]} b1=Q {[%emt 0:00:01]} 55. Kxc4 {[%emt 0:00:07]} Qhc1+ {[%emt 0:00:12]} 56. Kd5 {[%emt 0:00:15]} Qd3# {[%emt 0:00:06]} 0-1

[Event "45th Olympiad Budapest 2024"]
[Site "Budapest"]
[Date "2024.09.13"]
[Round "3"]
[Board "2"]
[White "Oyenga, Justine Anassika"]
[Black "Hussin, Fazreena"]
[Result "1/2-1/2"]
[WhiteElo "1503"]
[BlackElo "1700"]
[PlyCount "97"]
[EventDate "2024.09.11"]
[EventType "team-tourn"]
[EventRounds "11"]
[EventCountry "HUN"]
[WhiteTeam "Togo"]
[BlackTeam "Brunei Darussalam"]
[WhiteTeamCountry "TOG"]

1. e4 {[%emt 0:00:09]} e6 {[%emt 0:00:06]} 2. Nf3 {[%emt 0:00:23]} d5 {[%emt 0:00:26]} 3. e5 {[%emt 0:02:09]} c5 {[%emt 0:00:51]} 4. d4 {[%emt 0:02:51]} cxd4 {[%emt 0:00:53]} 5. Nxd4 {[%emt 0:01:28]} Nc6 {[%emt 0:00:55]} 6. Bb5 {[%emt 0:03:11]} Qb6 {[%emt 0:03:21]} ({RR} 6... Bd7 7. Nxc6 Bxc6 8. Bd3 d4 9. O-O Qd5 10. f3 Qxe5 11. Nd2 Nf6 12. Re1 Qc7 13. Nf1 Bd6 14. Bg5 h6 15. Bh4 O-O-O 16. a3 g5 17. Bg3 h5 18. Bxd6 Qxd6 19. Ng3 h4 20. Ne4 Nxe4 21. Bxe4 {0-1 El Kouch,A-Hamdouchi,H (2533) MAR-ch Rabat 2001 (5)}) 7. Be3 {[%emt 0:01:51]} ({RR} 7. Bxc6+ bxc6 8. Nc3 Ba6 9. Be3 Qxb2 10. Na4 Qb4+ 11. c3 Qc4 12. Rb1 Ne7 13. Rb4 Qxa2 14. Rb2 Qc4 15. Qb3 Ng6 16. Qxc4 Bxc4 17. Nxc6 Ba3 18. Rb1 O-O 19. Na5 Nxe5 20. Nxc4 Nxc4 21. O-O Rfc8 {0-1 Falcon Ibanez,S (1066)-Isha,S (2256) Gran Canaria Online (Women) blitz 2021 (1)}) 7... Bc5 {[%emt 0:08:14]} 8. O-O $146 {[%emt 0:06:03]} ({RR} 8. Nc3 Bd7 9. Bxc6 Bxc6 10. Rb1 Ne7 11. a3 a5 12. Nxc6 Bxe3 13. Nxe7 Bxf2+ 14. Kf1 Kxe7 15. Qe2 Bd4 16. Na4 Qa6 17. Qxa6 Rxa6 18. Re1 Rc8 19. Re2 b5 20. Nc3 Bxc3 21. bxc3 Rxc3 22. Kf2 Rxa3 {0-1 Njie,A-Hook,W (2210) Olympiad-27 Dubai 1986 (6)}) 8... Bxd4 {[%emt 0:00:27]} 9. Bxc6+ {[%emt 0:01:17]} bxc6 {[%emt 0:00:56]} 10. Bxd4 {[%emt 0:02:13]} c5 {[%emt 0:00:45]} 11. Be3 {[%emt 0:02:46]} Qxb2 {[%emt 0:06:17]} 12. Nd2 {[%emt 0:04:48]} Qxe5 {[%emt 0:03:24]} 13. Bxc5 {[%emt 0:02:00]} Nf6 {[%emt 0:11:19]} 14. Re1 {[%emt 0:03:08]} Qc3 {[%emt 0:04:34]} 15. Nb3 {[%emt 0:03:27]} Bb7 {[%emt 0:14:53]} 16. Re3 {[%emt 0:02:33]} Qc4 {[%emt 0:03:38]} 17. Bd4 {[%emt 0:07:34]} Rc8 {[%emt 0:08:22]} 18. Rc1 {[%emt 0:03:25]} Qa6 {[%emt 0:01:16]} 19. Nc5 {[%emt 0:02:40]} Qc6 {[%emt 0:00:31]} 20. Nxb7 {[%emt 0:03:59]} Qxb7 {[%emt 0:00:12]} 21. Rb1 {[%emt 0:01:54]} Qa6 {[%emt 0:00:56]} 22. Bxf6 {[%emt 0:03:20]} gxf6 {[%emt 0:00:51]} 23. Rb2 {[%emt 0:01:59]} Qc4 {[%emt 0:03:33]} 24. h3 {[%emt 0:02:18]} h5 {[%emt 0:03:09]} 25. Qd3 {[%emt 0:04:12]} Qxd3 {[%emt 0:01:40]} 26. Rxd3 {[%emt 0:00:26]} O-O {[%emt 0:00:15]} 27. Rg3+ {[%emt 0:00:33]} Kh7 {[%emt 0:00:11]} 28. Ra3 {[%emt 0:01:45]} Rc7 {[%emt 0:00:14]} 29. Kh2 {[%emt 0:03:30]} Rg8 {[%emt 0:01:21]} 30. Rf3 {[%emt 0:01:04]} f5 {[%emt 0:00:27]} 31. a4 {[%emt 0:00:25]} d4 {[%emt 0:00:28]} 32. a5 {[%emt 0:01:48]} a6 {[%emt 0:01:45]} 33. g3 {[%emt 0:01:00]} Kg6 {[%emt 0:00:30]} 34. h4 {[%emt 0:01:28]} f6 {[%emt 0:01:22]} 35. Rb6 {[%emt 0:01:12]} Ra8 {[%emt 0:04:37]} 36. Rxe6 {[%emt 0:00:28]} Rxc2 {[%emt 0:00:18]} 37. Rd6 {[%emt 0:00:47]} Rc3 {[%emt 0:07:13]} 38. Kg2 {[%emt 0:01:54]} Rc5 {[%emt 0:04:23]} 39. Ra3 {[%emt 0:01:05]} Rc4 {[%emt 0:00:42]} 40. Rd3 {[%emt 0:00:28]} Ra4 {[%emt 0:00:29]} 41. R3xd4 {[%emt 0:00:33]} Rxa5 {[%emt 0:00:09]} 42. Kh3 {[%emt 0:02:19]} Ra1 {[%emt 0:00:28]} 43. f3 {[%emt 0:01:01]} Re8 {[%emt 0:13:31]} 44. Rd2 {[%emt 0:02:01]} Re3 {[%emt 0:01:59]} 45. Rf2 {[%emt 0:00:44]} Raa3 {[%emt 0:00:57]} 46. Kg2 {[%emt 0:00:22]} Kf7 {[%emt 0:00:25]} 47. Rd8 {[%emt 0:00:52]} a5 {[%emt 0:01:09]} 48. Rd7+ {[%emt 0:01:23]} Kg6 {[%emt 0:00:15]} 49. Rd8 {[%emt 0:01:07]} 1/2-1/2